[Event "Natal Potiguar op"]
[Site "Natal"]
[Date "2017.06.04"]
[Round "5"]
[White "Severiano Sobrinho, Valmar da Silva"]
[Black "Baltar, Petrov Ferreira"]
[Result "0-1"]
[WhiteElo "1623"]
[BlackElo "1689"]
[PlyCount "52"]
[EventDate "2017.06.02"]
[EventType "swiss"]
[EventRounds "6"]
[EventCountry "BRA"]
[SourceTitle "EXT 2018"]
[Source "ChessBase"]
[SourceDate "2017.10.13"]
[SourceVersion "1"]
[SourceVersionDate "2017.10.13"]
[SourceQuality "1"]

1. e4 e6 2. d4 d5 3. exd5 exd5 4. Nf3 Nf6 5. c4 Bb4+ 6. Bd2 Qe7+ 7. Qe2 Bxd2+ 8. Nbxd2 Qxe2+ 9. Bxe2 0-0 10. 0-0 c6 11. Rfe1 dxc4 12. Bxc4 Nbd7 13. Ng5 Nb6 14. Bb3 h6 15. Nge4 Nfd5 16. Bxd5 Nxd5 17. Nd6 Be6 18. Nxb7 Rab8 19. Nc5 Rxb2 20. Nxe6 fxe6 21. Nc4 Rc2 22. Na5 Rfxf2 23. Rxe6 Rxg2+ 24. Kf1 Rxh2 25. Kg1 Rcg2+ 26. Kf1 Nf4 0-1

[Event "Natal Potiguar op"]
[Site "Natal"]
[Date "2017.06.03"]
[Round "3"]
[White "Severiano Sobrinho, Valmar da Silva"]
[Black "Da Silva Araujo, Gabriel Victor"]
[Result "0-1"]
[WhiteElo "1623"]
[BlackElo "1919"]
[PlyCount "60"]
[EventDate "2017.06.02"]
[EventType "swiss"]
[EventRounds "6"]
[EventCountry "BRA"]
[SourceTitle "EXT 2018"]
[Source "ChessBase"]
[SourceDate "2017.10.13"]
[SourceVersion "1"]
[SourceVersionDate "2017.10.13"]
[SourceQuality "1"]

1. e4 c5 2. b3 g6 3. Bb2 Nf6 4. Nc3 Nc6 5. Nf3 Bg7 6. d3 0-0 7. Qd2 b5 8. e5 Ng4 9. Nxb5 a6 10. Nc3 Ncxe5 11. Nxe5 Nxe5 12. f4 Ng4 13. Be2 d6 14. h3 Nf6 15. 0-0-0 Bb7 16. Rhg1 a5 17. g4 Qc7 18. h4 d5 19. d4 a4 20. Nxa4 Ne4 21. Qe3 c4 22. Nc5 Rxa2 23. Nxe4 dxe4 24. Bxc4 Rfa8 25. Qc3 Qxf4+ 26. Kb1 Qd6 27. b4 R2a4 28. Rgf1 e6 29. Kc1 Rc8 30. Ba3 Bd5 0-1